'T' Movies by Picture Quiz Stats

Quiz Updated Jan 18, 2013

Challenge
Share
Tweet
Score 0/25 Timer 06:00
2 Plays Today
Grid Location Movie % Correct
Toy Story
99.5%
Titanic
98.8%
Twilight
93.4%
Top Gun
88.3%
Troy
80.4%
Terminator 2: Judgment Day
79.6%
Three Amigos
76.4%
Taken
75.3%
Tangled
72.5%
Thelma and Louise
72.3%
The Truman Show
71.5%
Teen Wolf
66.1%
The Ten Commandments
63.3%
Grid Location Movie % Correct
Turner and Hooch
58.9%
Taxi Driver
54.2%
Tommy Boy
50.8%
Team America: World Police
49.2%
True Grit
47.4%
The Transporter
45.5%
The Texas Chain Saw Massacre
44.9%
There Will Be Blood
38.1%
Trainspotting
32.2%
The Town
31.9%
The Thomas Crown Affair
30.8%
This is Spinal Tap
25.7%

You're not logged in!

Compare scores with friends on all Sporcle quizzes.
Sign Up with Email
OR
Log In

You Might Also Like...

Show Comments

Extras

Top Quizzes Today


Score Distribution

Your Account Isn't Verified!

In order to create a playlist on Sporcle, you need to verify the email address you used during registration. Go to your Sporcle Settings to finish the process.